Travel by water / (Record no. 715)

MARC details
000 -LEADER
fixed length control field 00963cam a2200301 a 4500
005 - DATE AND TIME OF LATEST TRANSACTION
control field 20230908140034.0
020 ## - INTERNATIONAL STANDARD BOOK NUMBER
International Standard Book Number 9780333409404
040 ## - CATALOGING SOURCE
Original cataloging agency DLC
Transcribing agency DLC
Modifying agency DLC
Language of cataloging eng
050 00 - LIBRARY OF CONGRESS CALL NUMBER
Classification number HE571.P65
082 00 - DEWEY DECIMAL CLASSIFICATION NUMBER
Classification number HE571
Edition number 19
100 1# - MAIN ENTRY--PERSONAL NAME
Personal name Pollard, Michael,
Dates associated with a name 1931-
245 10 - TITLE STATEMENT
Title Travel by water /
Statement of responsibility, etc. Michael Pollard.
260 ## - PUBLICATION, DISTRIBUTION, ETC.
Place of publication, distribution, etc. MACMILLAN EDUCATION LID
Date of publication, distribution, etc. 1986
300 ## - PHYSICAL DESCRIPTION
Extent 48 pages. :
Other physical details color illustrations
Dimensions 24 cm.
490 1# - SERIES STATEMENT
Series statement Moving around the world
500 ## - GENERAL NOTE
General note Includes index.
505 ## - FORMATTED CONTENTS NOTE
Formatted contents note M <br/>
520 ## - SUMMARY, ETC.
Summary, etc. A history of travel by water, including such topics as famous explorers, kinds of ships, and famous waterways.
521 ## - TARGET AUDIENCE NOTE
Target audience note 700 <br/>
Source Lexile estimate
521 ## - TARGET AUDIENCE NOTE
Target audience note M <br/><br/>
Source Raz-Plus
650 #0 - SUBJECT ADDED ENTRY--TOPICAL TERM
Topical term or geographic name entry element Shipping
General subdivision History
-- Juvenile literature.
650 #0 - SUBJECT ADDED ENTRY--TOPICAL TERM
Topical term or geographic name entry element Ships
General subdivision History
-- Juvenile literature.
650 #1 - SUBJECT ADDED ENTRY--TOPICAL TERM
Topical term or geographic name entry element Shipping
General subdivision History.
650 #1 - SUBJECT ADDED ENTRY--TOPICAL TERM
Topical term or geographic name entry element Ships
General subdivision History.
906 ## - LOCAL DATA ELEMENT F, LDF (RLIN)
a 7
b cbc
c orignew
d 3
e ncip
f 19
g y-gencatlg
942 ## - ADDED ENTRY ELEMENTS (KOHA)
Source of classification or shelving scheme Dewey Decimal Classification
Koha item type Books
Suppress in OPAC No
999 ## -
-- 715
-- 715
Holdings
Withdrawn status Lost status Source of classification or shelving scheme Damaged status Not for loan Collection Home library Current library Shelving location Date acquired Total Checkouts Full call number Barcode Date last seen Date last checked out Price effective from Koha item type
    Dewey Decimal Classification     Non-Fiction Footprints International School Library Network Toul Kork Campus Footprints International School Library Network Toul Kork Campus   07/03/2023 1 POL 387.009 HE571.P65 FIS01264 12/12/2023 12/05/2023 07/03/2023 Books